| 000 | 00847nam a2200253 u 4500 | ||
|---|---|---|---|
| 001 | 000041970 | ||
| 005 | 20200120222402.0 | ||
| 008 | 101110s2010 cau r 000 0 spa d | ||
| 020 | _a9789588250472 | ||
| 043 | _as-ck--- | ||
| 082 | 0 | 4 |
_a788.93 861 _bA58 _221 |
| 100 | 1 | _aAlvarez Parra, Ibsen | |
| 245 | 1 | 0 |
_aCuaderno de ejercicios para trombón de varas tenor / _cIbsen Alvarez Parra; Ministerio de Cultura. |
| 250 | _a1a. ed. | ||
| 260 |
_aBogotá : _bEl Ministerio, _c2010. |
||
| 300 |
_a120 p. : _bil. |
||
| 500 | _aPlan Nacional de Música para la Convivencia : Programa Nacional de Bandas | ||
| 500 | _aEj.1 Biblioteca Funza. Donados por el Ministerio de Cultura | ||
| 650 | 1 | 7 | _aInstrumentos de viento |
| 650 | 2 | 7 | _aInstrumentos de musicales |
| 650 | 2 | 7 | _aBandas de musica |
| 650 | 2 | 7 | _aTrombones |
| 710 | 2 | _aMinisterio de Cultura | |
| 999 |
_c2597 _d2597 |
||